MDQL
is popping MORE tags! Check the
thread
!
Quizzes
Events
Quiz Creation
Community
Videos
Private Events
Remove Ads
Sign In
Join for FREE
Feedback
Dark Mode
Quiz Categories
Sports
Geography
Music
Movies
Television
Just For Fun
Miscellaneous
History
Literature
Language
Science
Gaming
Entertainment
Religion
Holiday
For Kids
Quiz Lab
Recent
Popular Today
Quiz Kudos Today
Editor Picks
Curator Picks
Quizzes by...
Day
Popularity
Type
Ratings
Length
Year
Community
Subscriptions
Recent Discussions
Orange Saloon
Badges
Playlists
Quests
Create
Leaderboards
Showdown
Live 5
Trivia Bingo
Activity
Puzzle Library
Sporcle Events
Private Events
Virtual Trivia
Globe League
Become a Host
Pub Owners
SporcleCon
Opinionation
Our Games
Videos
Blog
Mobile Apps
Partnerships
Remove Ads and Go Orange
Feedback
Music
Pop Music
The Beatles
Song
Album
Lyrics
Bands
Singers
Artist
Clip
Rock
Rap
Classical
Billboard
Country Music
Kpop
Taylor Swift
Music
Pop Music
The Beatles
Song
Album
Lyrics
Bands
Singers
Artist
Clip
Rock
Rap
Classical
Billboard
Country Music
Kpop
Taylor Swift
Random Quiz
Search Sporcle
×
Quiz Lab
Quiz Lab
Music
The Beatles
Type in answers that appear in a list
Type in answers that appear in a list
Classic
Best Score? Go Orange.
Beatles before and afters Stats
Can you name the before and afters related to the Beatles?
By
elasticpretzel
7m
10 Questions
229 Plays
229 Plays
229 Plays
Comments
Comments
Give Quiz Kudos
Give Quiz Kudos
-
- Ratings
hide this ad
Random Order
Randomize order of answers
Randomize order of answers
Replay
Link that replays current quiz
Next Quiz
Link to next quiz in quiz playlist
You Got
0%
They Got
Avg Score
51%
Avg Friend Score
Upgrade to see
Score Distribution
Jump to the score distribution portion of the page
Score
0/10
Timer
07:00
0
Plays Today
Before
Before + After
% Correct
1967 definitive album, ranked #1 on Rolling Stone's 500 Greatest Albums of All Time
Sgt. Pepper's Lonely Hearts Club Band on the Run
78.6%
1967 single, performed on Our World, the first live global television link
All You Need Is Love Me Do
72.5%
Concert held on the 1st anniversary of George's death including acts by Ravi Shankar, Monty Python, and 'George's Band'
Concert for George Martin
68.6%
Song featured on both the album and movie A Hard Day's Night, also the B-
side to the U.K. single 'If I Fell'
Tell Me Why Don't We Do It in the Road?
52%
Song from Revolver based on John and George's introduction to LSD by a dentist
Doctor Robert Zimmerman
49.8%
Rock & roll icon admired by the Beatles, original performer of the song 'Long Tall Sally' which the Beatles often used to close shows
Little Richard Lester
48.9%
Song by John intended for the White Album but cut (what a shame), not released until Anthology 3, possibly inspired by Pink Floyd's Syd Barrett
What's the New Mary Jane Asher
40.2%
Sessions drummer who replaced Ringo for the recording of 'Love Me Do' and 'Please Please Me'
Andy White Album
39.3%
'_
_
_
(NAME)_
_
_
got nothing on this, baby'
Elmore James Paul McCartney
34.5%
Song which precedes 'I'll Cry Instead' on the album A Hard Day's Night but was not included in the movie, written by John
Anytime at All Those Years Ago
32.8%
Quiz Playlist
Details
Report
Send in Message
Add To Playlist
Classic:
Type in answers that appear in a list
Random Order:
Randomize order of answers
Last Updated: Feb 16, 2017
Quiz Scoreboard
CHALLENGE
Sign Up to Join the Scoreboard
Show All
Scores
Hide
Comments
May contain spoilers
Recently Published
Find the 'City' Movie
by crazypaving
Movies
60s
5x2 Blitz: Bands
by SL_Kpop136
Music
30s
Colored Red Africa Blitz
by spor1
Geography
30s
More to Explore
Quiz From the Vault
Featured Blog Post
14 Easter Pick-up Lines to Find Eggs With
hide this ad
You Might Also Like...
Tags
The Beatles Quiz
before
Related
Today's Top Quizzes in Music
Browse Music
hide this ad
Today's Top Quizzes in The Beatles
Browse The Beatles
Top Contributed Quizzes in Music
1
5X2 Blitz: Bands II
2
5X2 Blitz: The Beatles
3
Taylor Swift All Songs (2024)
4
5X2 Blitz: Billboard
5
Taylor Swift Logic Puzzle II
6
5X2 Blitz: Billboard II
7
Taylor Swift Logic Puzzle
8
5X2 Blitz: Rock
9
5X2 Blitz: Singers
10
5X2 Blitz: Album
Explore More
Trending Topics
Marvel
Anime
Harry Potter
NBA
Crossword
Disney
Kpop
Song
Soccer
The Office
Pokémon
Puzzle
WWE
NFL
Country
hide this ad
More By:
elasticpretzel
Quiz
Plays
Rating
Category
Featured
Created
Beatles Texts Messages
94,317
3.21
Music
Jan 24, 2010
'Fire and Ice' by Robert Frost
11,518
4.65
Literature
Mar 12, 2010
Best Beards In Music + Notable Stubble
4,041
4.00
Music
Mar 15, 2010
Beatles 13 studio album facts
2,834
4.67
Music
Feb 22, 2010
The Beatles Haikus
2,484
4.43
Music
Feb 12, 2010
Go to Creator's Profile
Score Distribution
Quiz Creator Spotlight
elasticpretzel
Follow
Send a Message
Quizzes Created
-
Created Quiz Play Count
-
More By This Creator
Popular Quizzes Today
1
Colored Red Africa Blitz
2
Find the 'City' Movie
3
Find the US States - No Outlines Minefield
4
5x2 Blitz: Bands
5
The Countries of the World
6
Find the US States
7
Find the Countries of Europe - No Outlines Minefield
8
US States
More Music Quizzes
Mutual Missing Word: Pop & Kpop Songs
Quiz Lab
Trending Quizzes
Colored Red Europe Blitz I
Colored Red Europe Blitz II
Colored Red Africa Blitz II
Colored Red Europe Blitz III
Colored Red Africa Blitz III
Recently Updated
How Do You Spell That?
pecheneg
Godzilla Movies
pecheneg
Grab Bag: 4-10 Letters
pecheneg
2024 March Madness Bracket
pecheneg
Famous TV Couples
Peacemaker
Champions League XIs: Real Madrid
pecheneg
Largest US Cities 1790-2010
pecheneg
Rides in Walt Disney World
pecheneg
Most Oscar Losses (Acting)
pecheneg
Beyoncé Albums
pecheneg
Trending Topics
Marvel
Anime
Harry Potter
Kpop
Disney
NBA
Crossword
NFL
Puzzle
The Office
WWE
Song
Country
Pokémon
Soccer
Your Account Isn't Verified!
In order to create a playlist on Sporcle, you need to verify the email address you used during registration. Go to your
Sporcle Settings
to finish the process.
Report this User
Report this user for behavior that violates our
Community Guidelines
.
Details:
Send Report
Go to the Sporcle.com Mobile Site →
Comments